The scope for agreement in statutory party wall procedures (Record no. 118241)
[ view plain ]
| 000 -LEADER | |
|---|---|
| fixed length control field | 01984cam a2200301 4500 |
| 001 - CONTROL NUMBER | |
| control field | ABS68294 |
| 008 - FIXED-LENGTH DATA ELEMENTS--GENERAL INFORMATION | |
| fixed length control field | 041028n2004 000 0 eng u |
| 035 ## - SYSTEM CONTROL NUMBER | |
| System control number | (Sirsi) u127844 |
| 100 ## - MAIN ENTRY--PERSONAL NAME | |
| Personal name | Chynoweth, P. |
| 245 #4 - TITLE STATEMENT | |
| Title | The scope for agreement in statutory party wall procedures |
| 260 ## - PUBLICATION, DISTRIBUTION, ETC. | |
| Date of publication, distribution, etc. | 2004 |
| 490 ## - SERIES STATEMENT | |
| Series statement | Construction Law Journal |
| Volume/sequential designation | 20(6) 2004, 319-332(14) |
| 520 ## - SUMMARY, ETC. | |
| Summary, etc. | Outlines statutory party wall procedures set out in the Party Wall Etc Act 1996 which involve the serving of notices and the appointment of surveyors to resolve a variety of construction related issues affecting boundary operations including party walls, erection of new boundary structures and excavations which have the potential to interfere with the stability of an adjacent building or structure. Notes that despite the existence of the procedural framework the parties and their surveyors involved may depart from it by agreement. Identifies and examines four different ways in which the parties may agree to work outside the statutory framework. Firstly agreements in lieu of notice both informally and formally to contract out of statutory framework. Secondly agreements subsequent to notice which can involve consent, conditional consent or delay notices. Thirdly agreement to regularise unlawful work both by written agreement and retrospective notices. Fourthly, agreements relating to variations which can incorporate design changes and new works. Reference to case law throughout. |
| 590 ## - LOCAL NOTE (RLIN) | |
| Local note | ABS |
| 590 ## - LOCAL NOTE (RLIN) | |
| Local note | ABS |
| 650 ## - SUBJECT ADDED ENTRY--TOPICAL TERM | |
| Topical term or geographic name entry element | PARTY WALL ETC ACT 1996 |
| 650 ## - SUBJECT ADDED ENTRY--TOPICAL TERM | |
| Topical term or geographic name entry element | PARTY WALL SURVEYORS |
| 650 ## - SUBJECT ADDED ENTRY--TOPICAL TERM | |
| Topical term or geographic name entry element | Boundary disputes |
| 9 (RLIN) | 6221 |
| 650 ## - SUBJECT ADDED ENTRY--TOPICAL TERM | |
| Topical term or geographic name entry element | VARIATIONS |
| 650 ## - SUBJECT ADDED ENTRY--TOPICAL TERM | |
| Topical term or geographic name entry element | STEVENS V GOURLEY |
| 650 ## - SUBJECT ADDED ENTRY--TOPICAL TERM | |
| Topical term or geographic name entry element | LEADBETTER V MARYLEBONE CORPORATION |
| 650 ## - SUBJECT ADDED ENTRY--TOPICAL TERM | |
| Topical term or geographic name entry element | MASON V FULHAM CORPORATION |
| 650 ## - SUBJECT ADDED ENTRY--TOPICAL TERM | |
| Topical term or geographic name entry element | WOODHOUSE V CONSOLIDATED PROPERTY CORPORATION LTD |
| 650 ## - SUBJECT ADDED ENTRY--TOPICAL TERM | |
| Topical term or geographic name entry element | LOUIS V SADIQ |
| 650 ## - SUBJECT ADDED ENTRY--TOPICAL TERM | |
| Topical term or geographic name entry element | ADAMS V MARYLEBONE BC |
| 690 ## - LOCAL SUBJECT ADDED ENTRY--TOPICAL TERM (OCLC, RLIN) | |
| Topical term or geographic name as entry element | BOUNDARIES, PARTY WALLS AND EASEMENTS |
| 942 ## - ADDED ENTRY ELEMENTS (KOHA) | |
| Suppress in OPAC | 0 |
| Withdrawn status | Lost status | Source of classification or shelving scheme | Damaged status | Not for loan | Home library | Current library | Shelving location | Date acquired | Total Checkouts | Full call number | Barcode | Date last seen | Copy number | Price effective from | Koha item type |
|---|---|---|---|---|---|---|---|---|---|---|---|---|---|---|---|
| Dewey Decimal Classification | London | London | Journal article | 28/10/2004 | ABS68294 | 127844-1001 | 06/08/2019 | 1 | 06/08/2019 | Journal article |